Financie podnikateľskej sféry
Gespeichert in:
| 1. Verfasser: | |
|---|---|
| Weitere Verfasser: | , , , |
| Format: | Buch |
| Sprache: | Slowakisch |
| Veröffentlicht: |
Bratislava
Sprint 2 s.r.o.
2018
|
| Ausgabe: | 2. vydanie, prepracované |
| Schriftenreihe: | Economics
|
| Schlagworte: | |
| Tags: |
Keine Tags, Fügen Sie das erste Tag hinzu!
|
MARC
| LEADER | 00000nam a2200000 4500 | ||
|---|---|---|---|
| 001 | 0250518 | ||
| 005 | 20240502074021.1 | ||
| 020 | |a 978-80-89710-42-3 | ||
| 041 | 0 | |a slo | |
| 044 | |a SK | ||
| 245 | 1 | 0 | |a Financie podnikateľskej sféry |c Rudolf Sivák, Katarína Belanová, Kristína Jančovičová Bognárová ; recenzenti: Ľubomíra Gertler, Miloš Hofreiter |
| 250 | |a 2. vydanie, prepracované | ||
| 264 | 1 | |a Bratislava |b Sprint 2 s.r.o. |c 2018 | |
| 300 | |a 341 s. [18,40 AH] | ||
| 490 | 1 | |a Economics | |
| 830 | 0 | |a Economics | |
| 610 | 2 | 0 | |a podnik |
| 610 | 2 | 0 | |a podnikanie |
| 610 | 2 | 0 | |a politika finančná |
| 610 | 2 | 0 | |a prostredie podnikateľské |
| 610 | 2 | 0 | |a zdroje finančné |
| 610 | 2 | 0 | |a kapitál |
| 610 | 2 | 0 | |a alokácia |
| 610 | 2 | 0 | |a analýza finančná |
| 610 | 2 | 0 | |a plánovanie finančné |
| 610 | 2 | 0 | |a podnik malý |
| 610 | 2 | 0 | |a podnik stredný |
| 610 | 2 | 0 | |a organizácie neziskové |
| 100 | 1 | |a Sivák, Rudolf, 1955- | |
| 700 | 1 | |a Belanová, Katarína, 1978- | |
| 700 | 1 | |a Jančovičová Bognárová, Kristína, 1979- | |
| 700 | 1 | |a Gertler, Ľubomíra, 1977- | |
| 700 | 1 | |a Hofreiter, Miloš, 1982- | |